|
|
|
|
| LEADER |
00000nam0a2200000 4500 |
| 001 |
237856 |
| 005 |
20260409142913.0 |
| 035 |
|
|
|a (RuTPU)RU\TPU\book\259033
|
| 090 |
|
|
|a 237856
|
| 100 |
|
|
|a 20130517d2013 m y0rusy50 ca
|
| 101 |
0 |
|
|a rus
|
| 102 |
|
|
|a RU
|
| 105 |
|
|
|a a j 001zy
|
| 135 |
|
|
|a drcn ---uucaa
|
| 181 |
|
0 |
|a i
|b e
|
| 182 |
|
0 |
|a b
|
| 183 |
|
0 |
|a cr
|2 RDAcarrier
|
| 200 |
1 |
|
|a Обыкновенные дифференциальные уравнения (Исследование методов решений с помощью MAPLE и MATLAB)
|e учебное пособие
|f А. В. Козловских
|g Национальный исследовательский Томский политехнический университет (ТПУ), Институт кибернетики (ИК), Кафедра прикладной математики (ПМ)
|
| 203 |
|
|
|a Текст
|c электронный
|b визуальный
|
| 210 |
|
|
|a Томск
|c Изд-во ТПУ
|d 2013
|
| 283 |
|
|
|a online_resource
|2 RDAcarrier
|
| 300 |
|
|
|a Заглавие с титульного экрана
|
| 371 |
0 |
|
|a AM_TPU_network
|
| 606 |
1 |
|
|a Дифференциальные уравнения, обыкновенные
|2 stltpush
|3 (RuTPU)RU\TPU\subj\46716
|9 65831
|
| 610 |
1 |
|
|a электронный ресурс
|
| 610 |
1 |
|
|a учебные пособия
|
| 610 |
1 |
|
|a труды учёных ТПУ
|
| 610 |
1 |
|
|a матричные методы
|
| 610 |
1 |
|
|a степенные ряды
|
| 610 |
1 |
|
|a фазовая плоскость
|
| 610 |
1 |
|
|a линейные системы
|
| 610 |
1 |
|
|a нелинейные системы
|
| 610 |
1 |
|
|a уравнения
|
| 610 |
1 |
|
|a качественная теория
|
| 610 |
1 |
|
|a Maple
|
| 610 |
1 |
|
|a MATLAB
|
| 675 |
|
|
|a 517.91(075.8)
|v 3
|
| 700 |
|
1 |
|a Козловских
|b А. В.
|c российский ученый, специалист в области прикладной математики
|c доцент Томского политехнического университета, кандидат технических наук
|f 1944-
|g Александр Владимирович
|3 (RuTPU)RU\TPU\pers\25732
|9 11634
|
| 712 |
0 |
2 |
|a Национальный исследовательский Томский политехнический университет (ТПУ)
|b Институт кибернетики (ИК)
|b Кафедра прикладной математики (ПМ)
|3 (RuTPU)RU\TPU\col\18700
|
| 801 |
|
1 |
|a RU
|b 63413507
|c 20130517
|
| 801 |
|
2 |
|a RU
|b 63413507
|c 20140109
|g RCR
|
| 856 |
4 |
0 |
|u http://www.lib.tpu.ru/fulltext2/m/2013/m161.pdf
|z http://www.lib.tpu.ru/fulltext2/m/2013/m161.pdf
|
| 942 |
|
|
|c CF
|